Szczegóły MARC21

Dzieje poczty polskiej w zarysie : materiały dla szkół zawodowych łączności /

003 -Nazwa inst., której nr kontr. jest w polu 001 [,]
    • @
    • Nazwa instytucji, której n kontrolny jest w polu 001
    • NUKAT
005 -DATA I CZAS OSTATNIEJ MODYFIKACJI [,]
    • @
    • pole kontrolne
    • 20241231104627.0
040 -Instytucja sporządzająca opis [ , ]
    • a
    • Instytucja, która sporządziła opis (NP)
    • WR O/IS
    • c
    • Instytucja, która sporządziła rekord (NP)
    • WR O/IS
    • d
    • Instytucja, która zmodyfikowała rekord (P)
    • WR O/PC
    • d
    • Instytucja, która zmodyfikowała rekord (P)
    • WR 0/ISs
942 -Rodzaj dokumentu [ , ]
    • c
    • Rodzaj dokumentu
    • Książka
245 -Strefa tytułu i oznaczenia odpowiedzialności [0,0]
    • a
    • Tytuł
    • Dzieje poczty polskiej w zarysie : Find
    • b
    • Ciąg dalszy tytułu (NP)
    • materiały dla szkół zawodowych łączności / Find
    • c
    • Pozostałe elementy strefy tytułu i oznaczenia odpowiedzialności (NP)
    • [zespół aut. Maria Dąbrowska et al. ; Samodzielna Pracownia Badań Współczesnych i Źródeł Współczesnej Działalności Poczty].
260 -Strefa adresu wydawniczego [ , ]
    • a
    • Miejsce wydania (P)
    • Warszawa :
    • b
    • Nazwa wydawcy (P)
    • Centralny Ośrodek Badawczo-Rozwojowy Poczty,
    • c
    • Data wydania (P)
    • 1988.
300 -Strefa opisu fizycznego [ , ]
    • a
    • Określenie formy książki i/lub objętość (NP)
    • 159 s., [28] s. tabl. ;
    • c
    • Format (NP)
    • 21 cm.
336 -Typ zawartości [ , ]
    • a
    • Termin opisujący typ zawartości
    • Tekst
    • b
    • Kod określający zawartość
    • txt
    • 2
    • Źródło (terminu i kodu)
    • rdacontent
337 -Typ mediów [ , ]
    • a
    • Tryb odtwarzania
    • Bez urządzenia pośredniczącego
    • b
    • Kod typu mediów
    • n
    • 2
    • Źródło (terminu i kodu)
    • rdamedia
338 -Typ/rodzaj nośnika [ , ]
    • a
    • Hasło opisujące typ nośnika
    • Wolumin
    • b
    • Kod typu nośnika
    • nc
    • 2
    • Źródło (terminu i kodu)
    • rdacarrier
504 -Uwaga dot. bibliogr. załącznikowej [ , ]
    • a
    • Uwaga dot. bibliografii załącznikowej
    • Bibliogr. s. 121-123.
650 -Hasło przedmiotowe [ ,7]
    • a
    • Hasło przedmiotowe
    • Poczta
    • z
    • Określnik geograficzny
    • Polska
    • x
    • Określnik rzeczowy
    • historia
    • v
    • Określnik formalny
    • podręczniki dla szkół średnich.
    • 2
    • Źródło terminu
    • kaba
    • 9
    • KHW
    • 470234
650 -Hasło przedmiotowe [ ,7]
    • a
    • Hasło przedmiotowe
    • Telekomunikacja
    • z
    • Określnik geograficzny
    • Polska
    • x
    • Określnik rzeczowy
    • historia
    • v
    • Określnik formalny
    • podręczniki dla szkół średnich.
    • 2
    • Źródło terminu
    • kaba
    • 9
    • KHW
    • 470235
700 -Hasło dodatkowe - nazwa osobowa [1, ]
    • a
    • Nazwa osobowa (NP)
    • Dąbrowska, Maria Find
    • c
    • Dopowiedzenie inne niż daty biograficzne (NP)
    • (poczta).
    • 9
    • KHW
    • 470304
Status udost. Sygnatura Numer inwentarzowy Data inwentaryzacji Lokalizacja
2 E.583101999-01-27BE
-6 S.665881999-01-27BE
-6 S.665891999-01-27BE
-6 S.665901999-01-27BE
-3W.161998W.1619981999-01-27BG
-3W.161998W.1619991999-01-27BG
2Z.74671Z.746711999-01-27BG
1 H.14551999-01-27BNS
-11TS.66587TS.665871999-01-27T
-11TS.66591TS.665911999-01-27T
-11TS.66592TS.665921999-01-27T
-11TS.66593TS.665931999-01-27T
-11TS.66594TS.665941999-01-27T
-11TS.66595TS.665951999-01-27T
-11TS.66596TS.665961999-01-27T
-11TS.66597TS.665971999-01-27T
-11TS.66598TS.665981999-01-27T
-11TS.66599TS.665991999-01-27T
-11TS.66600TS.666001999-01-27T
-11TS.66601TS.666011999-01-27T
-11TS.66602TS.666021999-01-27T
-11TS.66603TS.666031999-01-27T
-11TS.66604TS.666041999-01-27T
-11TS.66605TS.666051999-01-27T
-11TS.66606TS.666061999-01-27T
-11TS.66607TS.666071999-01-27T
-11TS.66608TS.666081999-01-27T
-11TS.66609TS.666091999-01-27T
-11TS.66588TS.665881999-01-27T
-11TS.66589TS.665891999-01-27T
-11TS.66590TS.665901999-01-27T
2 TS.665851999-01-27T
-3TS.66586TS.665861999-01-27T
2 TS.666101999-01-27T
2 TS.666111999-01-27T
2 TS.666121999-01-27T
-11TS.66613TS.666131999-01-27T
2 TS.665841999-01-27T